Lenguaje y Comunicación 1º Básico: guía didáctica para el profesor
Saved in:
| Main Authors: | , |
|---|---|
| Format: | Bog |
| Sprog: | spansk |
| Udgivet: |
Santiago
Edebé
2003
|
| Fag: | |
| Tags: |
Tilføj Tag
Ingen Tags, Vær først til at tagge denne postø!
|
MARC
| LEADER | 00000nam a2200000 a 4500 | ||
|---|---|---|---|
| 001 | UCI7858 | ||
| 003 | CL-VaPUC | ||
| 008 | 080725e20030000CL |||||||||||||||||spa|d | ||
| 020 | |a 9561806659 | ||
| 082 | 0 | 4 | |a 372.6 |b LOB |2 21 |
| 100 | |a Lobos González, Manuel |e autor |9 531222 | ||
| 700 | 0 | |a Solís Zañartu, María Cristina |e author |9 531223 | |
| 245 | 1 | 0 | |a Lenguaje y Comunicación 1º Básico: guía didáctica para el profesor |
| 300 | |a 62 p | ||
| 942 | |c BK | ||
| 945 | |d 20080725 00:00:00 |a jtorresc | ||
| 260 | |a Santiago |b Edebé |c 2003 | ||
| 650 | 0 | |a Educación básica |9 224933 | |
| 650 | 0 | |a Educación lingüística |9 306506 | |
| 650 | 0 | |a Libros de texto |9 270019 | |
| 650 | 0 | |a Enseñanza de la lectura |9 308364 | |
| 650 | 0 | |a Enseñanza de la escritura |9 307377 | |
| 583 | |a last modification |c 20170816 01:16:53 |k Rodrigo Vera | ||
| 999 | |c 330987 |d 330985 | ||
| 952 | |0 0 |1 0 |4 0 |6 372_600000000000000_LOB_2003 |7 0 |8 A |9 417038 |a BIBEDU |b BIBEDU |d 2019-11-22 |i 4461290 |o 372.6 LOB 2003 |p 4461290 |r 2019-11-22 |w 2019-11-22 |y BK |k EDU | ||
| 952 | |0 0 |1 0 |4 0 |6 372_600000000000000_LOB_2003 |7 0 |8 A |9 417039 |a BIBEDU |b BIBEDU |d 2019-11-22 |i 4461304 |o 372.6 LOB 2003 |p 4461304 |r 2019-11-22 |w 2019-11-22 |y BK |k EDU | ||